| 000 | 00732nam a22002417a 4500 | ||
|---|---|---|---|
| 001 | 3604 | ||
| 003 | FISKH | ||
| 005 | 20250619131343.0 | ||
| 008 | 240325b cb ||||| |||| 00| 0 eng d | ||
| 040 |
_aFISK _beng _cFISK _dFISK |
||
| 050 | _aPS3551.M58 | ||
| 082 | _a818.5407 | ||
| 100 |
_aAmory Cleveland _d1917-1998 |
||
| 245 |
_aThe cat who came for christmas / _cCleveland Amory |
||
| 260 |
_aEngland : _bLittle, Brown and Company, _c1987 |
||
| 300 |
_a240 pages : _c21 cm |
||
| 505 | _aZ | ||
| 520 | _aThe story of a bedraggled white feline who came for Christmas and took over the heart of Cleveland Amory. | ||
| 521 | 8 |
_a1160 _bLexile |
|
| 700 | _aCleveland Amory | ||
| 942 |
_2ddc _cBK _n0 |
||
| 999 |
_c3604 _d3604 |
||